000
00199 a2200097 4500
001
28600
100
_a
Leake, K
245
_a
Welding Craft Science
260
_a
_b
Cassell
_c
090
_c
19137
_d
19137
942
_a
NUST-CAE
_c
M
_c
10155
999
_c
263673
_d
263673